[Event "FRA-chT Top 16 Gp Haute"]
[Site "Evry"]
[Date "2008.06.01"]
[Round "11"]
[White "Brunner, Nicolas"]
[Black "Koch, Jean Rene"]
[Result "1-0"]
[WhiteElo "2404"]
[BlackElo "2453"]
[PlyCount "141"]
[EventDate "2008.05.29"]
[EventType "team"]
[EventRounds "11"]
[EventCountry "FRA"]
[SourceTitle "CBM 124 Extra"]
[Source "ChessBase"]
[SourceDate "2008.07.03"]
[SourceVersion "1"]
[SourceVersionDate "2008.07.03"]
[SourceQuality "1"]

1. d4 d5 2. c4 e6 3. Nc3 Bb4 4. e3 Ne7 5. Bd2 0-0 6. a3 Bxc3 7. Bxc3 b6 8. Nf3 Ba6 9. b3 c5 10. Bd3 h6 11. 0-0 Nbc6 12. Qe2 Rb8 13. Rfd1 Qc7 14. Rac1 Qb7 15. Ba1 cxd4 16. exd4 Na5 17. Nd2 Rbc8 18. c5 Bxd3 19. Qxd3 b5 20. Bc3 Nac6 21. Nf3 Ng6 22. Bd2 Rfe8 23. Re1 e5 24. dxe5 Ncxe5 25. Nxe5 Nxe5 26. Qg3 Ng6 27. Rxe8+ Rxe8 28. c6 Qe7 29. Qd3 Qxa3 30. h3 Qd6 31. Qxb5 Rc8 32. c7 Kh7 33. Qc5 Qb6 34. Qxb6 axb6 35. Be3 b5 36. Bb6 Nf8 37. Rd1 Nd7 38. Ba5 Nf6 39. Rd4 Kg8 40. Rb4 Kf8 41. Rxb5 Ke7 42. Kf1 Kd6 43. Rb8 Kd7 44. Ke2 Ne4 45. b4 Nd6 46. Kd3 h5 47. Kd4 Kc6 48. g4 hxg4 49. hxg4 g5 50. Ke5 Nc4+ 51. Kf6 Kd7 52. Kxg5 d4 53. Rb5 Kd6 54. Kf4 d3 55. Ke4 d2 56. Rd5+ Ke6 57. Rd4 f5+ 58. gxf5+ Kf6 59. Rd8 Ke7 60. Kf3 Nxa5 61. bxa5 Rxc7 62. Rxd2 Rc3+ 63. Kg4 Ra3 64. Rd5 Ra1 65. Rb5 Kf7 66. Rb7+ Kg8 67. Kg5 Rxa5 68. Kg6 Ra8 69. f6 Rc8 70. Rg7+ Kf8 71. Rh7 1-0

[Event "FRA-chT Top 16 GpB"]
[Site "France"]
[Date "2008.04.12"]
[Round "6"]
[White "Eliet, Nicolas"]
[Black "Koch, Jean Rene"]
[Result "1/2-1/2"]
[WhiteElo "2453"]
[BlackElo "2453"]
[PlyCount "91"]
[EventDate "2008.03.22"]
[EventType "team"]
[EventRounds "7"]
[EventCountry "FRA"]
[SourceTitle "CBM 123 Extra"]
[Source "ChessBase"]
[SourceDate "2008.05.06"]
[SourceVersion "1"]
[SourceVersionDate "2008.05.06"]
[SourceQuality "1"]

1. d4 Nf6 2. Nf3 c5 3. d5 b5 4. Bg5 d6 5. Bxf6 exf6 6. e4 a6 7. a4 b4 8. Bd3 g6 9. Nbd2 Bg7 10. Nc4 0-0 11. a5 Ra7 12. 0-0 Bb7 13. Rb1 f5 14. exf5 Bxd5 15. Be2 Be4 16. fxg6 hxg6 17. Nfd2 Bc6 18. Nb3 Bb5 19. Ne3 Nc6 20. Re1 Nd4 21. Bc4 Bxc4 22. Nxc4 Qh4 23. Nb6 Nxb3 24. cxb3 Bd4 25. Qf3 Re7 26. g3 Qg5 27. h4 Rxe1+ 28. Rxe1 Qd2 29. Re2 Qc1+ 30. Kg2 Qb1 31. h5 Qf5 32. Qxf5 gxf5 33. Kf3 Kg7 34. Nc4 Rh8 35. Nxd6 Rxh5 36. Ne8+ Kf8 37. Nc7 Rh6 38. Kf4 c4 39. bxc4 Rc6 40. Nd5 Rxc4 41. b3 Rc5 42. Nxb4 Rxa5 43. Nc6 Rd5 44. Ne7 Rb5 45. Nxf5 Bc3 46. Ra2 1/2-1/2